000 00548nam a2200193Ia 4500
003 GCL
008 140319s9999 xx 000 0 ara d
040 _aGCL /
_cGCL
082 0 4 _a370.19
_bم و
100 1 _aمحمد عبدالرحيم عدس
245 1 0 _aواقعنا التربوى الى اين ? /
_cمحمد عبدالرحيم عدس
300 _a159 ص
490 _aكتاب
_v0
650 0 4 _aالتربية
650 0 4 _aالتربية والتعليم
650 0 4 _aالمدرسون
650 0 4 _aالطلاب
942 _2ddc
_cBK
999 _c42264
_d42264